Logo CIB grande

DRILLING AND DRILLING FLUIDS (Registro nro. 200308)

Detalles MARC
000 -LEADER
campo de control de longitud fija 00590nam a2200229Ia 4500
005 - FECHA Y HORA DE LA ÚLTIMA TRANSACCIÓN
campo de control 20250425161007.0
008 - DATOS DE LONGITUD FIJA--INFORMACIÓN GENERAL
campo de control de longitud fija 250425s9999 xx 000 0 und d
020 ## - NÚMERO INTERNACIONAL ESTÁNDAR DEL LIBRO
Número Internacional Estándar del Libro 0444421777
041 ## - CÓDIGO DE IDIOMA
Código de lengua del texto/banda sonora o título independiente eng
082 ## - NÚMERO DE LA CLASIFICACIÓN DECIMAL DEWEY
Número de clasificación 622.338
010 ## - NÚMERO DE CONTROL DE LA BIBLIOTECA DEL CONGRESO
Número de control de LC 10185
100 ## - ENTRADA PRINCIPAL--NOMBRE DE PERSONA
Nombre de persona CHILINGARIAN, GEORGE V.
245 #0 - MENCIÓN DEL TÍTULO
Título DRILLING AND DRILLING FLUIDS
250 ## - MENCION DE EDICION
Mención de edición 1ST ED.
260 ## - PUBLICACIÓN, DISTRIBUCIÓN, ETC.
Lugar de publicación, distribución, etc. AMSTERDAM
260 ## - PUBLICACIÓN, DISTRIBUCIÓN, ETC.
Lugar de publicación, distribución, etc. Países Bajos, Holanda
Nombre del editor, distribuidor, etc. ELSEVIER
Fecha de publicación, distribución, etc. 1983
300 ## - DESCRIPCIÓN FÍSICA
Extensión 799
500 ## - NOTA GENERAL
Nota general DEVELOPMENTS IN PETROLEUM SCIENCE 11
650 ## - PUNTO DE ACCESO ADICIONAL DE MATERIA--TÉRMINO DE MATERIA
Término de materia o nombre geográfico como elemento de entrada POZOS PETROLIFEROS-PERFORACION
700 ## - ENTRADA AGREGADA--NOMBRE PERSONAL
Nombre de persona VORABUTR, P.
942 ## - ELEMENTOS DE ENTRADA SECUNDARIOS (KOHA)
Tipo de ítem Koha Libros
Existencias
Estatus retirado Estado de pérdida Fuente de la clasificación o esquema de estantería Estado de daño No para préstamo Biblioteca de origen Biblioteca actual Ubicación en estantería Fecha de adquisición Coste, precio normal de compra Total de préstamos Código de barras Copia número Tipo de ítem Koha
    Clasificación Decimal Dewey     CENTRO DE INFORMACIÓN BIBLIOTECARIA CENTRO DE INFORMACIÓN BIBLIOTECARIA   08/08/2003 0.01   22400 2 Libros
    Clasificación Decimal Dewey     CENTRO DE INFORMACIÓN BIBLIOTECARIA CENTRO DE INFORMACIÓN BIBLIOTECARIA   16/02/2001 0.01   22401 3 Libros

Copyright 2025 ESPOL. Todos los derechos reservados.